000 00551nam a22001937a 4500
005 20240327135707.0
008 240327b |||||||| |||| 00| 0 eng d
020 _a9780470744024
082 _a004.165
_bLIT-I
100 _aLitovski, ivan
245 _aInside symbian SQL :
_bA mobile developer's guide to SQLite /
_cRichard Maynard
250 _a1st ed.
260 _aUSA:
_bWiley;
_c2010.
300 _axi, 404 p. :
_bill;
_c23 cm.
500 _ainclude index.
650 _acomputer science/Database
700 _aRichard Maynard
999 _c35490
_d35490